Cases and materials on criminal law

The fifth edition of this established book covers the latest developments including sexual offences, racially aggravated crime and recklessness. More 'Notes and Questions' sections have been inlcuded throughout the text to probe the law and serve as critical research tools, helping student...

पूर्ण विवरण

में बचाया:
ग्रंथसूची विवरण
मुख्य लेखक: Dine, Janet
स्वरूप: पुस्तक
भाषा:Undetermined
प्रकाशित: Oxford,New York Oxford University Press 2006
विषय:
टैग : टैग जोड़ें
कोई टैग नहीं, इस रिकॉर्ड को टैग करने वाले पहले व्यक्ति बनें!
Thư viện lưu trữ: Trung tâm Học liệu Trường Đại học Cần Thơ
LEADER 00949nam a2200217Ia 4500
001 CTU_152963
008 210402s9999 xx 000 0 und d
020 |c 32.52 
082 |a 345.41 
082 |b D583/5th 
100 |a Dine, Janet 
245 0 |a Cases and materials on criminal law 
245 0 |c Janet Dine, James Gobert, William Wilson 
260 |a Oxford,New York 
260 |b Oxford University Press 
260 |c 2006 
520 |a The fifth edition of this established book covers the latest developments including sexual offences, racially aggravated crime and recklessness. More 'Notes and Questions' sections have been inlcuded throughout the text to probe the law and serve as critical research tools, helping students gain a deeper appreciation of judicial reasoning 
650 |a Criminal law,Luật hình sự 
650 |z Great Britain 
904 |i Nguyên 
980 |a Trung tâm Học liệu Trường Đại học Cần Thơ